00459nam a22001577a 450000500170000001000150001702000260003203500140005803700130007208200080008510000150009324500390010826000370014727000960018430000210028020220721165857.0 aENG-133823 a9788194172789c150.00 aEN-117355 bDBAD/PUB a485 aRao, V. B. aCommunication Skills/cby V.B. Rao aHyderabadbBS Publicationsc2019 a4-4-309/316, Giriraj Lane, Sultan BazarbHyderabade500095k040-23445600minfo@bspbooks.net a112p.c24cm(pbk)